[Event "meisterschaft"]
[Site "?"]
[Date "2021.07.27"]
[Round "5.10"]
[White "Vatter, Hans-Joachim"]
[Black "Braeunlin, Herbert"]
[Result "0-1"]
[BlackElo "2052"]
[WhiteElo "2221"]
[LiveChessVersion "1.4.8"]

1. e4 {[%clk 1:29:36]} c5 {[%clk 1:30:50]} 2. Nf3 {[%clk 1:29:17]} d6
{[%clk 1:31:13]} 3. d4 {[%clk 1:29:35]} cxd4 {[%clk 1:31:39]} 4. Nxd4
{[%clk 1:29:39]} Nf6 {[%clk 1:32:00]} 5. Nc3 {[%clk 1:29:51]} a6 {[%clk 1:32:26]}
6. h3 {[%clk 1:30:00]} e6 {[%clk 1:29:56]} 7. g4 {[%clk 1:29:31]} b5
{[%clk 1:30:03]} 8. Bg2 {[%clk 1:27:43]} Bb7 {[%clk 1:30:24]} 9. a3
{[%clk 1:28:06]} Qc7 {[%clk 1:26:59]} 10. O-O {[%clk 1:19:09]} Nc6
{[%clk 1:21:05]} 11. Re1 {[%clk 1:06:29]} Be7 {[%clk 1:19:16]} 12. Nxc6
{[%clk 0:51:31]} Bxc6 {[%clk 1:08:03]} 13. Bf4 {[%clk 0:41:51]} Qb7
{[%clk 0:57:18]} 14. g5 {[%clk 0:39:24]} Ng8 {[%clk 0:53:02]} 15. Qh5
{[%clk 0:35:32]} g6 {[%clk 0:37:18]} 16. Qg4 {[%clk 0:33:05]} e5 {[%clk 0:37:36]}
17. Bd2 {[%clk 0:28:07]} Bd7 {[%clk 0:34:11]} 18. Qf3 {[%clk 0:24:41]} Be6
{[%clk 0:30:50]} 19. Rad1 {[%clk 0:19:57]} f6 {[%clk 0:30:11]} 20. h4
{[%clk 0:20:09]} Rc8 {[%clk 0:29:59]} 21. Bh3 {[%clk 0:13:53]} Qd7
{[%clk 0:27:11]} 22. Bxe6 {[%clk 0:11:22]} Qxe6 {[%clk 0:27:38]} 23. Nd5
{[%clk 0:10:22]} h6 {[%clk 0:19:19]} 24. gxh6 {[%clk 0:03:15]} Nxh6
{[%clk 0:16:02]} 25. Bb4 {[%clk 0:03:23]} Nf7 {[%clk 0:16:07]} 26. Qb3
{[%clk 0:02:07]} Qg4+ {[%clk 0:16:15]} 27. Qg3 {[%clk 0:02:17]} Qxh4
{[%clk 0:14:53]} 28. Qxh4 {[%clk 0:02:22]} Rxh4 {[%clk 0:15:23]} 29. c3
{[%clk 0:02:51]} Ng5 {[%clk 0:14:38]} 30. Nxe7 {[%clk 0:02:32]} Kxe7
{[%clk 0:13:29]} 31. Rxd6 {[%clk 0:01:33]} Nf3+ {[%clk 0:12:29]} 32. Kf1
{[%clk 0:01:49]} Nxe1 {[%clk 0:12:47]} 33. Rxa6+ {[%clk 0:01:01]} Kf7
{[%clk 0:09:35]} 34. Ra7+ {[%clk 0:01:20]} Kg8 {[%clk 0:09:55]} 35. Kxe1
{[%clk 0:01:30]} Rxe4+ {[%clk 0:10:24]} 36. Kf1 {[%clk 0:01:30]} Rd8
{[%clk 0:08:47]} 37. Rb7 {[%clk 0:00:56]} Rd5 {[%clk 0:08:44]} 38. b3
{[%clk 0:00:57]} Rf4 {[%clk 0:09:01]} 39. Ke2 {[%clk 0:01:10]} f5
{[%clk 0:08:13]} 40. a4 {[%clk 0:01:09]} bxa4 {[%clk 0:07:27]} 41. bxa4
{[%clk 0:00:55]} Re4+ {[%clk 0:01:37]} 42. Kf3 {[%clk 0:29:25]} Rd3+
{[%clk 0:30:48]} 43. Kg2 {[%clk 0:29:45]} Rd2 {[%clk 0:30:04]} 44. a5
{[%clk 0:28:44]} Ra2 {[%clk 0:25:16]} 45. Ra7 {[%clk 0:26:55]} Rg4+
{[%clk 0:20:07]} 46. Kf1 {[%clk 0:25:17]} f4 {[%clk 0:20:14]} 0-1

[Event "meisterschaft"]
[Site "?"]
[Date "2021.07.27"]
[Round "5.11"]
[White "Pfitzer, Norbert, Prof. Dr."]
[Black "Herbrechtsmeier, Christof"]
[Result "1/2-1/2"]
[BlackElo "2181"]
[WhiteElo "2061"]
[LiveChessVersion "1.4.8"]

1. Nf3 {[%clk 1:30:56]} g6 {[%clk 1:28:07]} 2. d4 {[%clk 1:30:56]} Bg7
{[%clk 1:27:56]} 3. g3 {[%clk 1:30:31]} f5 {[%clk 1:26:26]} 4. Bg2
{[%clk 1:30:40]} Nf6 {[%clk 1:26:47]} 5. O-O {[%clk 1:31:01]} O-O
{[%clk 1:27:09]} 6. c4 {[%clk 1:31:08]} d6 {[%clk 1:27:29]} 7. Nc3
{[%clk 1:29:49]} Nc6 {[%clk 1:27:39]} 8. d5 {[%clk 1:22:47]} Ne5 {[%clk 1:25:15]}
9. Nd2 {[%clk 1:20:38]} e6 {[%clk 1:21:28]} 10. Qc2 {[%clk 1:17:06]} exd5
{[%clk 1:17:40]} 11. cxd5 {[%clk 1:16:02]} a6 {[%clk 1:16:55]} 12. b4
{[%clk 1:12:39]} Nh5 {[%clk 1:15:07]} 13. f4 {[%clk 1:11:57]} Ng4
{[%clk 1:15:21]} 14. Nb3 {[%clk 1:12:14]} Bd7 {[%clk 1:11:03]} 15. Bd2
{[%clk 1:10:16]} c5 {[%clk 1:02:05]} 16. dxc6 {[%clk 1:06:17]} bxc6
{[%clk 0:58:03]} 17. Rae1 {[%clk 1:04:31]} Qb6+ {[%clk 0:56:01]} 18. e3
{[%clk 1:04:57]} Rae8 {[%clk 0:53:48]} 19. Nd1 {[%clk 1:03:36]} Nhf6
{[%clk 0:51:02]} 20. h3 {[%clk 1:03:14]} Nh6 {[%clk 0:51:24]} 21. Nf2
{[%clk 1:00:54]} d5 {[%clk 0:48:53]} 22. Nc5 {[%clk 1:00:25]} Bc8
{[%clk 0:48:11]} 23. Bc3 {[%clk 1:00:42]} Nf7 {[%clk 0:48:10]} 24. Nfd3
{[%clk 0:58:55]} Nd6 {[%clk 0:46:45]} 25. Bd4 {[%clk 0:59:10]} Nb5
{[%clk 0:46:00]} 26. Be5 {[%clk 0:59:25]} Na3 {[%clk 0:43:25]} 27. Qc3
{[%clk 0:58:08]} Nc4 {[%clk 0:38:27]} 28. Bd4 {[%clk 0:58:27]} Nh5
{[%clk 0:35:40]} 29. Kh2 {[%clk 0:57:53]} Nxe3 {[%clk 0:33:55]} 30. Rg1
{[%clk 0:53:56]} Bxd4 {[%clk 0:30:03]} 31. Qxd4 {[%clk 0:53:47]} Nc2
{[%clk 0:30:24]} 32. Bxd5+ {[%clk 0:54:12]} cxd5 {[%clk 0:30:11]} 33. Qxd5+
{[%clk 0:54:40]} Kg7 {[%clk 0:26:21]} 34. Rxe8 {[%clk 0:50:57]} Rxe8
{[%clk 0:25:25]} 35. Ne5 {[%clk 0:50:17]} Be6 {[%clk 0:24:46]} 36. Qd2
{[%clk 0:50:34]} Nxb4 {[%clk 0:14:38]} 37. Nxe6+ {[%clk 0:50:49]} Qxe6
{[%clk 0:14:59]} 38. Qxb4 {[%clk 0:50:41]} Qxa2+ {[%clk 0:14:48]} 39. Rg2
{[%clk 0:50:58]} Qe6 {[%clk 0:14:48]} 40. Rc2 {[%clk 0:50:44]} Rd8
{[%clk 0:05:38]} 41. Qa5 {[%clk 0:47:04]} Rc8 1/2-1/2

[Event "meisterschaft"]
[Site "?"]
[Date "2021.07.27"]
[Round "5.12"]
[White "Mueller, Rudolf"]
[Black "Gruzmann, Boris"]
[Result "1-0"]
[BlackElo "2167"]
[WhiteElo "2058"]
[LiveChessVersion "1.4.8"]

1. e4 {[%clk 1:30:57]} c5 {[%clk 1:30:44]} 2. Nf3 {[%clk 1:31:20]} d6
{[%clk 1:31:01]} 3. d4 {[%clk 1:31:43]} cxd4 {[%clk 1:31:22]} 4. Nxd4
{[%clk 1:32:07]} Nf6 {[%clk 1:31:38]} 5. Nc3 {[%clk 1:32:18]} a6 {[%clk 1:31:58]}
6. Bd3 {[%clk 1:32:06]} e5 {[%clk 1:31:45]} 7. Nde2 {[%clk 1:31:55]} Be7
{[%clk 1:31:42]} 8. O-O {[%clk 1:32:06]} O-O {[%clk 1:31:02]} 9. f4
{[%clk 1:31:43]} Nc6 {[%clk 1:26:23]} 10. f5 {[%clk 1:29:06]} Nb4
{[%clk 1:14:26]} 11. Ng3 {[%clk 1:19:31]} d5 {[%clk 1:13:26]} 12. exd5
{[%clk 1:16:49]} Nbxd5 {[%clk 1:12:40]} 13. Nxd5 {[%clk 1:16:11]} Qxd5
{[%clk 1:12:31]} 14. Bg5 {[%clk 1:13:37]} Qd4+ {[%clk 0:50:57]} 15. Kh1
{[%clk 1:13:44]} Qxb2 {[%clk 0:51:17]} 16. Bxf6 {[%clk 1:12:01]} Bxf6
{[%clk 0:51:38]} 17. Rb1 {[%clk 1:05:31]} Qd4 {[%clk 0:51:07]} 18. Nh5
{[%clk 1:03:41]} Qh4 {[%clk 0:48:54]} 19. g3 {[%clk 0:59:35]} Qg5
{[%clk 0:48:33]} 20. Rb4 {[%clk 0:54:12]} Kh8 {[%clk 0:42:35]} 21. h4
{[%clk 0:49:29]} Qe3 {[%clk 0:35:21]} 22. Nxf6 {[%clk 0:14:06]} gxf6
{[%clk 0:35:13]} 23. Kh2 {[%clk 0:09:59]} Rg8 {[%clk 0:31:44]} 24. Rg1
{[%clk 0:10:22]} b5 {[%clk 0:29:29]} 25. Be4 {[%clk 0:10:24]} Qc5
{[%clk 0:28:09]} 26. Rb3 {[%clk 0:09:59]} Ra7 {[%clk 0:27:42]} 27. Rd3
{[%clk 0:10:12]} Bb7 {[%clk 0:23:24]} 28. Bxb7 {[%clk 0:10:08]} Rxb7
{[%clk 0:23:46]} 29. Rg2 {[%clk 0:10:24]} Qc4 {[%clk 0:20:08]} 30. Rd6
{[%clk 0:10:32]} Qxa2 {[%clk 0:10:34]} 31. Rxf6 {[%clk 0:10:53]} a5
{[%clk 0:05:42]} 32. Rh6 {[%clk 0:09:16]} f6 {[%clk 0:02:43]} 33. Qd6
{[%clk 0:09:17]} Qf7 {[%clk 0:02:14]} 34. Rxf6 {[%clk 0:09:34]} Qe7
{[%clk 0:02:34]} 35. Qc6 {[%clk 0:06:52]} Qc7 {[%clk 0:02:28]} 36. Qe4
{[%clk 0:06:58]} Re8 {[%clk 0:02:28]} 37. Rc6 {[%clk 0:06:41]} Qd7
{[%clk 0:02:38]} 38. Re2 {[%clk 0:05:48]} a4 {[%clk 0:02:55]} 39. Rc5
{[%clk 0:05:07]} a3 {[%clk 0:02:44]} 40. Rxe5 {[%clk 0:04:17]} Rxe5
{[%clk 0:02:17]} 41. Qxe5+ {[%clk 0:04:45]} Kg8 {[%clk 0:02:39]} 42. f6
{[%clk 0:29:18]} h6 {[%clk 0:22:57]} 43. Qh5 {[%clk 0:27:14]} Qf7
{[%clk 0:18:58]} 44. Re8+ {[%clk 0:26:49]} Kh7 {[%clk 0:19:14]} 45. Qf5+
{[%clk 0:26:53]} 1-0